Outsourcing - hrozba pre zamestnanosť?
Vymedzenie pojmu outsourcing. Medzinárodný outsourcing. Saldo obchodu komerčných služieb. Import a export komerčných služieb v SR. Rast outsourcingu služieb a celková zamestnanosť. Služby najviac ohrozené outsourcingom. Outsourcing v kontexte zvýšenia celkovej efektívnosti národnej ekonomiky.
Gespeichert in:
| 1. Verfasser: | |
|---|---|
| Format: | Buchkapitel |
| Sprache: | Slowakisch |
| Schlagworte: | |
| Tags: |
Keine Tags, Fügen Sie das erste Tag hinzu!
|
MARC
| LEADER | 00000naa$a2200000$$$4500 | ||
|---|---|---|---|
| 001 | 0025737 | ||
| 005 | 20231004125412.2 | ||
| 041 | 0 | |a slo | |
| 044 | |a SK | ||
| 245 | 1 | 0 | |a Outsourcing - hrozba pre zamestnanosť? |c Vladimír Baláž |
| 520 | |a Vymedzenie pojmu outsourcing. Medzinárodný outsourcing. Saldo obchodu komerčných služieb. Import a export komerčných služieb v SR. Rast outsourcingu služieb a celková zamestnanosť. Služby najviac ohrozené outsourcingom. Outsourcing v kontexte zvýšenia celkovej efektívnosti národnej ekonomiky. | ||
| 610 | 2 | 0 | |a outsourcing |
| 610 | 2 | 0 | |a služby |
| 610 | 2 | 0 | |a služby účtovnícke |
| 610 | 2 | 0 | |a služby konzultačné |
| 610 | 2 | 0 | |a služby informačné |
| 610 | 2 | 0 | |a služby obchodné |
| 610 | 2 | 0 | |a zamestnanosť |
| 610 | 2 | 0 | |a miesta pracovné |
| 610 | 2 | 0 | |a krajiny rozvojové |
| 610 | 2 | 0 | |a krajiny vyspelé |
| 610 | 2 | 0 | |a USA |
| 610 | 2 | 0 | |a Slovensko |
| 610 | 2 | 0 | |a dovoz |
| 610 | 2 | 0 | |a vývoz |
| 100 | 1 | |a Baláž, Vladimír | |